| 000 | 01156cam a22002174a 4500 | ||
|---|---|---|---|
| 005 | 20250605164025.0 | ||
| 008 | 250528s ||||||||||||||||||||||||d | ||
| 035 | _a16484 | ||
| 020 | _a750642823 | ||
| 040 |
_aGR-AtMCL _bgre _dGR-AtMCL _eAACR2 |
||
| 245 | 1 | _aIntroduction to Engineering Design / Modelling, Synthesis and Problem Solving Strategies | |
| 250 | _a1st | ||
| 260 |
_bButterworth Heinemann, _c1999 |
||
| 300 | _a406 | ||
| 520 | _aA completely novel text covering the basic elements of engineering design for structural integrity. Acknowledgements, Preface: The Need for this Book, Modelling and Synthesis, Introducing Modelling and Synthesis for Structural Integrity, Design Against Failure, Design Synthesis of Some Generic Engineering Components, Design of Mechanical Connections, Review: Structural Integrity of Engineering Systems, Problem Solving Strategies: An Engineering Culture, The Evolution of Problems, Economic and Social and Environmental Issues, , References, Appendices, Author and Subject Index. | ||
| 700 | 1 |
_aSamuel Andrew _9287 |
|
| 700 | 1 |
_aWeir John _92576 |
|
| 942 | _cBK | ||
| 999 |
_c1978 _d1978 |
||